000 00546nam a2200205 4500
003 OSt
005 20260601193848.0
008 260506b |||||||| |||| 00| 0 eng d
020 _a0718112792
040 _bspa
_cICI
050 _aCB53
_bS54
100 1 _aRobertson, Patrick
_931743
245 1 _aThe Shell Book of Firsts
264 _bEloury Press & Michael Joseph LTD
_c1974
_aGran Bretaña
300 _a256 páginas
336 _atexto
_2rdacontent
337 _asin medio
_2rdamedia
338 _avolumen
_2rdacarrier
942 _2ddc
_cB
_n1
999 _c21720
_d21720